Normal view
MARC view
Entry Topical Term
001 - CONTROL NUMBER
- control field: 254364
003 - CONTROL NUMBER IDENTIFIER
- control field: OSt
005 - DATE AND TIME OF LATEST TRANSACTION
- control field: 20260210161341.0
008 - FIXED-LENGTH DATA ELEMENTS
- fixed length control field: 260210|| aca||aabn | a|a d
040 ## - CATALOGING SOURCE
- Original cataloging agency: OSt
- Transcribing agency: OSt
150 ## - HEADING--TOPICAL TERM
- Topical term or geographic name entry element: kArpaNya
670 ## - SOURCE DATA FOUND
- Source citation: Work cat.: (OSt)142859: KUSUMA SHANABHAGA ಕುಸುಮಾ ಶಾನಭಾಗ 254359, Kayada karpanya: laingika vrattiniratara kathevyathe, 2007